000 00336nam a2200109Ia 4500
008 221009s9999 xx 000 0 und d
082 _a891.433
100 _aमेहता, श्रीनरेश
_955869
245 0 _aप्रथम फाल्‍गुन
260 _bलोकभारती प्रकाशन
942 _cBK
999 _c65376
_d65376